Hai zi ee ding yao yao zuo de 50 jia zhi . 50 things the children must do
| Main Author: | |
|---|---|
| Format: | Book |
| Published: |
Beijing :
Har Bin Pub House ,
2008
|
| Subjects: |
MARC
| LEADER | 00000cam a2200000 7i4500 | ||
|---|---|---|---|
| 001 | 0000138551 | ||
| 005 | 20250918162318.0 | ||
| 090 | 0 | 0 | |a 158 |b WUY |
| 100 | 0 | |a Wu Yin Juan | |
| 245 | 1 | 0 | |a Hai zi ee ding yao yao zuo de 50 jia zhi . |p 50 things the children must do |c Wu Yin Juan |
| 260 | |a Beijing : |b Har Bin Pub House , |c 2008 | ||
| 300 | |a 132p. : |b ill. ; |c 21cm. | ||
| 650 | 0 | 0 | |a General knowledge |x Chinese language |
| 999 | |a 00232434 |b BUKU |c JUNIOR MANDARIN COLLECTION |e PERPUSTAKAAN KOMUNITI PETALING JAYA | ||